[Event "GM-Turnier"]
[Site "Berlin"]
[Date "2009.07.10"]
[Round "9.1"]
[White "Agopov, Mikael"]
[Black "Schneider, Ilja"]
[Result "1/2-1/2"]
[WhiteElo "2442"]
[BlackElo "2508"]
[PlyCount "90"]
[EventDate "2009.07.??"]

1. e4 {1:29:37} 1... d5 {1:28:59} 2. exd5 {1:29:57} 2... Qxd5 {1:29:21} 3. Nc3
{1:30:22} 3... Qa5 {1:29:46} 4. d4 {1:30:45} 4... Nf6 {1:30:13} 5. Nf3 {1:31:05
} 5... Nc6 {1:30:38} 6. Bd2 {1:23:02} 6... a6 {1:30:28} 7. Bc4 {1:20:53} 7...
Qh5 {1:29:55} 8. Ne5 {1:18:34} 8... Bg4 {1:29:33} 9. Nxg4 {1:06:53} 9... Qxg4 {
1:29:50} 10. Qxg4 {1:03:55} 10... Nxg4 {1:30:14} 11. Be2 {1:03:06} 11... Nf6 {
1:25:30} 12. Be3 {1:03:05} 12... O-O-O {1:25:32} 13. O-O-O {1:03:31} 13... e6 {
1:25:40} 14. Rhe1 {0:38:50} 14... Bb4 {1:21:22} 15. a3 {0:36:23} 15... Ba5 {
1:15:00} 16. Rd3 {0:24:41} 16... Rhe8 {1:07:56} 17. Red1 {0:22:14} 17... e5 {
0:55:02} 18. dxe5 {0:21:39} 18... Rxd3 {0:55:27} 19. Bxd3 {0:21:39} 19... Nxe5
{0:55:53} 20. Bf5+ {0:21:47} 20... Kb8 {0:56:19} 21. Nd5 {0:15:39} 21... Nxd5 {
0:54:49} 22. Rxd5 {0:16:07} 22... Nc4 {0:54:49} 23. Bd3 {0:16:09} 23... Nxe3 {
0:52:17} 24. Rxa5 {0:16:34} 24... Nxg2 {0:40:02} 25. Rg5 {0:16:56} 25... Nh4 {
0:39:50} 26. Rxg7 {0:17:02} 26... Nf3 {0:40:17} 27. b4 {0:16:18} 27... h5 {
0:38:09} 28. h3 {0:12:36} 28... Re1+ {0:34:26} 29. Kb2 {0:13:01} 29... Ne5 {
0:34:49} 30. Kc3 {0:08:30} 30... Rh1 {0:34:46} 31. Rg3 {0:08:40} 31... h4 {
0:24:19} 32. Re3 {0:08:59} 32... Ng6 {0:22:29} 33. Kd4 {0:08:22} 33... Nf4 {
0:22:46} 34. Bf5 {0:08:32} 34... Rh2 {0:22:52} 35. Re4 {0:03:30} 35... Rxf2 {
0:15:11} 36. Ke3 {0:03:38} 36... Nxh3 {0:15:38} 37. Bxh3 {0:03:41} 37... Rxc2 {
0:16:01} 38. Kd4 {0:01:54} 38... Ra2 {0:16:26} 39. Re3 {0:02:21} 39... Ka7 {
0:16:42} 40. Kc4 {0:01:49} 40... Kb6 {0:16:59} 41. Rf3 {0:01:41} 41... Rc2+ {
0:15:30} 42. Kb3 {0:01:07} 42... Rh2 {0:15:56} 43. Bc8 {0:00:48} 43... Rg2 {
0:15:48} 44. Rf6+ {0:26:35} 44... Ka7 {0:46:04} 45. a4 {0:26:53} 45... h3 {
0:42:12} 1/2-1/2

[Event "GM-Turnier"]
[Site "Berlin"]
[Date "2009.07.10"]
[Round "9.2"]
[White "Lundin, Jan"]
[Black "Stern, Rene"]
[Result "1/2-1/2"]
[WhiteElo "2382"]
[BlackElo "2498"]
[PlyCount "82"]
[EventDate "2009.07.??"]

1. e4 {1:23:52} 1... e5 {1:30:21} 2. Nc3 {1:24:16} 2... Nf6 {1:30:43} 3. f4 {
1:24:39} 3... d5 {1:30:29} 4. fxe5 {1:24:53} 4... Nxe4 {1:30:49} 5. Nf3 {
1:25:13} 5... Bc5 {1:23:48} 6. d4 {1:25:04} 6... Bb4 {1:23:24} 7. Bd2 {1:24:38}
7... Bxc3 {1:12:41} 8. bxc3 {1:24:15} 8... f6 {0:54:18} 9. Bd3 {1:05:05} 9...
O-O {0:46:57} 10. O-O {1:00:22} 10... fxe5 {0:34:54} 11. Nxe5 {0:58:43} 11...
Nc6 {0:28:43} 12. Qh5 {0:35:41} 12... Be6 {0:27:16} 13. Rxf8+ {0:21:19} 13...
Qxf8 {0:27:09} 14. Rf1 {0:21:23} 14... Qe8 {0:26:23} 15. Qxe8+ {0:14:41} 15...
Rxe8 {0:26:48} 16. Bf4 {0:14:45} 16... Nxe5 {0:23:32} 17. Bxe5 {0:14:37} 17...
c6 {0:23:58} 18. Rb1 {0:12:10} 18... Re7 {0:15:18} 19. Bxe4 {0:11:02} 19...
dxe4 {0:15:44} 20. Kf2 {0:11:15} 20... b5 {0:09:35} 21. a3 {0:10:21} 21... Rf7+
{0:09:11} 22. Ke3 {0:10:39} 22... h6 {0:09:22} 23. Ra1 {0:09:05} 23... Kh7 {
0:08:46} 24. a4 {0:08:31} 24... a6 {0:09:09} 25. axb5 {0:06:15} 25... axb5 {
0:09:35} 26. Ra8 {0:05:43} 26... Bd5 {0:08:55} 27. Rc8 {0:04:51} 27... Kg6 {
0:09:08} 28. Rc7 {0:04:01} 28... Rxc7 {0:09:32} 29. Bxc7 {0:04:26} 29... Kf5 {
0:09:58} 30. Bd6 {0:04:12} 30... g5 {0:10:11} 31. Bf8 {0:03:40} 31... h5 {
0:10:37} 32. Bd6 {0:03:55} 32... Ba2 {0:10:28} 33. Bc7 {0:02:40} 33... h4 {
0:10:18} 34. h3 {0:02:38} 34... Bb1 {0:10:44} 35. Kd2 {0:03:05} 35... Ba2 {
0:10:12} 36. Ke3 {0:03:30} 36... Bc4 {0:10:16} 37. Bd8 {0:03:36} 37... Bf7 {
0:09:04} 38. Be7 {0:03:26} 38... Ba2 {0:09:25} 39. Bd8 {0:01:51} 39... Bb1 {
0:07:36} 40. Kd2 {0:02:14} 40... Ba2 {0:08:02} 41. Ke3 {0:02:31} 41... Bb1 {
0:08:29} 1/2-1/2

[Event "GM-Turnier"]
[Site "Berlin"]
[Date "2009.07.10"]
[Round "9.3"]
[White "Rabiega, Robert"]
[Black "Maksimenko, Andrej"]
[Result "0-1"]
[WhiteElo "2551"]
[BlackElo "2544"]
[PlyCount "42"]
[EventDate "2009.07.??"]

1. e4 {1:28:25} 1... e5 {1:14:38} 2. d4 {1:25:43} 2... exd4 {1:13:54} 3. Qxd4 {
1:26:01} 3... Nc6 {1:13:57} 4. Qe3 {1:24:24} 4... Nf6 {1:12:37} 5. Nc3 {1:24:04
} 5... Bb4 {1:12:51} 6. Bd2 {1:24:17} 6... O-O {1:13:04} 7. O-O-O {1:24:12}
7... Re8 {1:10:28} 8. Bc4 {1:21:23} 8... d6 {1:03:50} 9. f3 {1:12:58} 9... Na5
{0:55:09} 10. Bd3 {1:02:20} 10... d5 {0:49:10} 11. Qf2 {0:50:46} 11... d4 {
0:45:22} 12. Nb1 {0:43:34} 12... Bxd2+ {0:43:18} 13. Nxd2 {0:43:47} 13... c5 {
0:43:06} 14. Nb3 {0:30:35} 14... Nxb3+ {0:37:20} 15. axb3 {0:30:55} 15... a5 {
0:25:31} 16. Bb5 {0:18:53} 16... Bd7 {0:25:41} 17. Qf1 {0:19:08} 17... Qb6 {
0:19:56} 18. Ba4 {0:16:34} 18... Qb4 {0:10:29} 19. c3 {0:05:10} 19... dxc3 {
0:10:13} 20. Bxd7 {0:03:36} 20... Qxb3 {0:06:42} 21. Qe2 {0:03:11} 21... Red8 {
0:05:36} 0-1

[Event "GM-Turnier"]
[Site "Berlin"]
[Date "2009.07.10"]
[Round "9.4"]
[White "Figura, Atila Gajo"]
[Black "Erdoes, Viktor"]
[Result "1/2-1/2"]
[WhiteElo "2436"]
[BlackElo "2565"]
[PlyCount "60"]
[EventDate "2009.07.??"]

1. d4 {1:30:27} 1... Nf6 {1:29:45} 2. c4 {1:30:49} 2... e6 {1:30:03} 3. Nc3 {
1:31:13} 3... Bb4 {1:30:23} 4. Qc2 {1:31:37} 4... d5 {1:30:10} 5. a3 {1:32:01}
5... Bxc3+ {1:30:33} 6. Qxc3 {1:32:27} 6... O-O {1:30:50} 7. Nf3 {1:32:54} 7...
dxc4 {1:31:02} 8. Qxc4 {1:33:17} 8... b6 {1:31:23} 9. g3 {1:31:27} 9... Bb7 {
1:28:52} 10. Bg2 {1:31:33} 10... Bd5 {1:29:03} 11. Qd3 {1:26:32} 11... Nbd7 {
1:27:08} 12. b4 {1:25:56} 12... e5 {0:39:09} 13. dxe5 {1:24:56} 13... Nxe5 {
0:39:35} 14. Qc3 {1:17:31} 14... Re8 {0:38:45} 15. O-O {1:16:35} 15... Nxf3+ {
0:39:01} 16. Bxf3 {1:14:31} 16... Qe7 {0:25:19} 17. Bxd5 {1:02:36} 17... Nxd5 {
0:25:41} 18. Qb3 {1:03:00} 18... Rad8 {0:23:43} 19. Re1 {1:03:19} 19... c5 {
0:16:23} 20. Bb2 {0:48:46} 20... cxb4 {0:13:34} 21. e4 {0:47:36} 21... Nc7 {
0:12:56} 22. axb4 {0:45:35} 22... Ne6 {0:13:21} 23. Rad1 {0:38:15} 23... Rxd1 {
0:12:30} 24. Rxd1 {0:34:24} 24... a5 {0:12:55} 25. bxa5 {0:18:47} 25... bxa5 {
0:13:15} 26. Ra1 {0:16:50} 26... Qc5 {0:06:13} 27. Bc3 {0:14:38} 27... Qc6 {
0:04:16} 28. Qa4 {0:12:09} 28... Qxa4 {0:04:21} 29. Rxa4 {0:12:37} 29... Nc5 {
0:04:41} 30. Rxa5 {0:13:01} 30... Nxe4 {0:05:08} 1/2-1/2

[Event "GM-Turnier"]
[Site "Berlin"]
[Date "2009.07.10"]
[Round "9.5"]
[White "Tischbierek, Raj"]
[Black "Jemelin, Wassili"]
[Result "1/2-1/2"]
[WhiteElo "2447"]
[BlackElo "2588"]
[PlyCount "98"]
[EventDate "2009.07.??"]

1. e4 {1:27:39} 1... c5 {1:29:19} 2. Nc3 {1:24:38} 2... Nc6 {1:27:50} 3. Nge2 {
1:24:57} 3... d6 {1:28:02} 4. d4 {1:25:17} 4... cxd4 {1:28:27} 5. Nxd4 {1:25:44
} 5... Nf6 {1:28:51} 6. Be2 {1:25:22} 6... e5 {1:27:26} 7. Nf3 {1:25:17} 7...
h6 {1:27:44} 8. O-O {1:25:33} 8... Be7 {1:28:08} 9. Re1 {1:25:48} 9... O-O {
1:28:31} 10. h3 {1:26:09} 10... Be6 {1:28:37} 11. Bf1 {1:26:31} 11... Qd7 {
1:28:54} 12. a3 {1:11:54} 12... Bd8 {1:21:17} 13. Nd5 {1:04:57} 13... Bxd5 {
1:10:38} 14. exd5 {1:05:21} 14... Ne7 {1:11:05} 15. c4 {1:05:06} 15... a5 {
1:00:41} 16. b3 {1:02:57} 16... b5 {0:57:55} 17. c5 {0:58:45} 17... Nexd5 {
0:44:06} 18. Bb2 {0:48:47} 18... e4 {0:34:48} 19. Nd4 {0:47:15} 19... dxc5 {
0:34:52} 20. Nxb5 {0:33:47} 20... a4 {0:33:44} 21. bxa4 {0:26:35} 21... Ba5 {
0:14:29} 22. Re2 {0:25:56} 22... Qc6 {0:14:07} 23. Qb3 {0:16:35} 23... c4 {
0:07:02} 24. Rc2 {0:11:55} 24... cxb3 {0:06:38} 25. Rxc6 {0:12:19} 25... Rfc8 {
0:06:18} 26. Rac1 {0:11:00} 26... Rxc6 {0:06:24} 27. Rxc6 {0:11:28} 27... Nb6 {
0:02:50} 28. Bc4 {0:09:37} 28... Nxc4 {0:03:16} 29. Rxc4 {0:10:03} 29... Rd8 {
0:00:31} 30. Nd4 {0:10:06} 30... Bb6 {0:00:06} 31. a5 {0:06:15} 31... Bxa5 {
0:00:26} 32. Nxb3 {0:06:35} 32... Rd1+ {0:00:11} 33. Kh2 {0:06:59} 33... Bb6 {
0:00:05} 34. Bxf6 {0:04:34} 34... gxf6 {0:00:33} 35. Rxe4 {0:04:35} 35... Bxf2
{0:00:22} 36. g4 {0:03:34} 36... Rd3 {0:00:27} 37. Rb4 {0:02:47} 37... Bg3+ {
0:00:53} 38. Kg2 {0:03:02} 38... Bd6 {0:00:48} 39. Rb6 {0:00:59} 39... Bxa3 {
0:00:23} 40. Na5 {0:00:31} 40... Rd2+ {0:00:07} 41. Kf3 {0:00:14} 41... Bc5 {
0:16:29} 42. Rb3 {0:22:24} 42... Kg7 {0:09:16} 43. Nc4 {0:21:46} 43... Rf2+ {
0:09:25} 44. Kg3 {0:18:29} 44... f5 {0:09:22} 45. Ne3 {0:15:44} 45... Bxe3 {
0:09:31} 46. Rxe3 {0:16:09} 46... Rf1 {0:09:59} 47. Ra3 {0:15:52} 47... Kg6 {
0:09:12} 48. Ra6+ {0:14:44} 48... f6 {0:09:37} 49. Ra5 {0:15:02} 49... fxg4 {
0:09:17} 1/2-1/2

[Event "GM-Turnier"]
[Site "Berlin"]
[Date "2009.07.11"]
[Round "10.1"]
[White "Schneider, Ilja"]
[Black "Paehtz, Elisabeth"]
[Result "0-1"]
[WhiteElo "2508"]
[BlackElo "2474"]
[PlyCount "102"]
[EventDate "2009.07.??"]

1. Nf3 {1:30:20} 1... Nf6 {1:30:20} 2. c4 {1:30:29} 2... d6 {1:27:59} 3. d4 {
1:30:08} 3... g6 {1:28:22} 4. g3 {1:30:34} 4... Bg7 {1:28:44} 5. Bg2 {1:30:59}
5... O-O {1:29:07} 6. O-O {1:31:19} 6... Bg4 {1:28:07} 7. h3 {1:25:17} 7...
Bxf3 {1:28:33} 8. Bxf3 {1:25:38} 8... Nc6 {1:28:56} 9. Nc3 {1:22:57} 9... Nd7 {
1:29:10} 10. Bg2 {1:20:17} 10... Nxd4 {1:22:08} 11. Bxb7 {1:20:41} 11... Rb8 {
1:22:35} 12. Bg2 {1:21:01} 12... Nb6 {1:07:22} 13. e3 {1:02:01} 13... Ne6 {
1:07:48} 14. Qe2 {1:02:15} 14... Qd7 {1:03:15} 15. Rd1 {0:55:17} 15... Bxc3 {
0:54:53} 16. bxc3 {0:55:38} 16... Qa4 {0:55:22} 17. Bf1 {0:55:52} 17... Nxc4 {
0:47:32} 18. e4 {0:56:10} 18... Na3 {0:46:03} 19. Bh6 {0:55:34} 19... Rfe8 {
0:46:30} 20. f4 {0:54:16} 20... Qc2 {0:42:42} 21. f5 {0:54:30} 21... Qxe2 {
0:42:07} 22. Bxe2 {0:54:57} 22... Nc5 {0:41:31} 23. Bf3 {0:55:19} 23... Nc4 {
0:40:32} 24. Rab1 {0:55:33} 24... Rb6 {0:38:46} 25. Rb4 {0:55:58} 25... Ne5 {
0:39:04} 26. Bg2 {0:56:12} 26... Reb8 {0:37:59} 27. Be3 {0:56:30} 27... a5 {
0:31:52} 28. Rxb6 {0:56:48} 28... cxb6 {0:32:17} 29. f6 {0:57:06} 29... Kf8 {
0:23:55} 30. Bg5 {0:57:17} 30... exf6 {0:24:18} 31. Bxf6 {0:57:42} 31... Ncd7 {
0:17:01} 32. Bxe5 {0:56:37} 32... Nxe5 {0:17:27} 33. Rxd6 {0:57:04} 33... Ke7 {
0:17:53} 34. Rd5 {0:57:29} 34... f6 {0:18:19} 35. Kf2 {0:56:05} 35... Rc8 {
0:17:01} 36. Rb5 {0:56:30} 36... Rc6 {0:12:32} 37. Bf1 {0:56:44} 37... Nd7 {
0:09:41} 38. c4 {0:56:47} 38... Nc5 {0:08:50} 39. Bg2 {0:54:28} 39... Re6 {
0:07:39} 40. Rb1 {0:53:04} 40... Rd6 {0:07:59} 41. Ke2 {0:52:54} 41... Ke6 {
0:06:04} 42. Bf3 {0:49:20} 42... Ke5 {0:06:15} 43. Ke3 {0:49:47} 43... Rd3+ {
0:00:38} 44. Kf2 {0:49:37} 44... Rd2+ {0:28:41} 45. Ke3 {1:20:03} 45... Rxa2 {
0:27:44} 46. Rxb6 {1:20:32} 46... Ra3+ {0:28:08} 47. Ke2 {1:20:49} 47... a4 {
0:26:26} 48. Rb8 {1:19:20} 48... Rc3 {0:23:16} 49. Re8+ {1:18:54} 49... Kd4 {
0:23:37} 50. Rf8 {1:18:21} 50... Re3+ {0:23:11} 51. Kf2 {1:18:50} 51... Nd3+ {
0:23:33} 0-1

[Event "GM-Turnier"]
[Site "Berlin"]
[Date "2009.07.11"]
[Round "10.2"]
[White "Jemelin, Wassili"]
[Black "Kurmann, Oliver"]
[Result "1-0"]
[WhiteElo "2588"]
[BlackElo "2420"]
[PlyCount "83"]
[EventDate "2009.07.??"]

1. e4 c5 2. Nf3 {1:30:57} 2... e6 3. d4 {1:31:24} 3... cxd4 4. Nxd4 Nc6 5. Nc3
{1:31:48} 5... a6 {1:27:18} 6. Nxc6 {1:31:21} 6... bxc6 {1:27:41} 7. e5 {
1:27:17} 7... Qc7 {1:27:17} 8. Qe2 {1:32:05  ++ ++} 8... d5 {1:10:34} 9. exd6 {
1:30:55} 9... Bxd6 {1:10:45} 10. Ne4 {1:25:35} 10... Be7 {1:08:21} 11. g3 {
1:06:38} 11... Nf6 {1:08:23} 12. Bg2 {1:06:55} 12... Nxe4 {0:56:29} 13. Qxe4 {
1:06:28} 13... Bb7 {0:56:53} 14. Bf4 {0:44:58} 14... Qa5+ {0:43:40} 15. Bd2 {
0:45:13} 15... Qd5 {0:40:43} 16. Bc3 {0:45:01} 16... Bf6 {0:24:47} 17. Bxf6 {
0:44:26} 17... gxf6 {0:24:39} 18. Rd1 {0:39:49} 18... Qxe4+ {0:19:07} 19. Bxe4
{0:40:16} 19... f5 {0:19:27} 20. Bf3 {0:20:43} 20... Rb8 {0:14:12} 21. Rd3 {
0:18:21} 21... Ke7 {0:14:03} 22. Rb3 {0:13:12} 22... Ba8 {0:07:07} 23. Kd2 {
0:12:27} 23... Rhd8+ {0:05:53} 24. Kc1 {0:08:16} 24... Rxb3 {0:03:19} 25. axb3
{0:07:53} 25... c5 {0:03:46} 26. Bxa8 {0:08:15} 26... Rxa8 {0:04:15} 27. Kd2 {
0:07:22} 27... Kd6 {0:04:38} 28. Ra1 {0:07:04} 28... a5 {0:02:28} 29. Ra4 {
0:07:10} 29... Ra7 {0:02:40} 30. Kc3 {0:05:42  ++ P-b2 ++} 30... Kc6 {0:02:09}
31. Rh4 {0:05:26} 31... f6 {0:02:35} 32. Rh6 {0:05:40} 32... Kd5 {0:01:25} 33.
Rxf6 {0:05:48} 33... a4 {0:01:52} 34. Rh6 {0:02:29} 34... axb3 {0:02:16} 35.
Kxb3 {0:02:56} 35... e5 {0:00:34} 36. Rh4 {0:03:07} 36... f4 {0:00:20} 37. gxf4
{0:03:27} 37... e4 {0:00:17} 38. Kc3 {0:02:18} 38... Rf7 {0:00:14} 39. Kd2 {
0:01:10} 39... Kd4 {0:00:33} 40. b3 {0:01:23} 40... Rf5 {0:00:17} 41. c3+ {
0:00:05} 41... Kd5 {0:00:42} 42. Ke3 {0:00:15} 1-0

[Event "GM-Turnier"]
[Site "Berlin"]
[Date "2009.07.11"]
[Round "10.3"]
[White "Erdoes, Viktor"]
[Black "Tischbierek, Raj"]
[Result "1-0"]
[WhiteElo "2565"]
[BlackElo "2447"]
[PlyCount "55"]
[EventDate "2009.07.??"]

1. d4 {1:24:34} 1... d6 {1:29:42} 2. Nf3 {1:22:48} 2... Bg4 {1:30:04} 3. e4 {
1:22:01} 3... Nf6 {1:30:16} 4. h3 {1:22:05} 4... Bh5 {1:30:16} 5. Nc3 {1:22:29}
5... e6 {1:30:29} 6. Qe2 {1:21:30} 6... Be7 {1:30:34} 7. Bf4 {0:51:11} 7... Nc6
{1:17:08} 8. g4 {0:44:57} 8... Bg6 {1:17:34} 9. d5 {0:44:55} 9... e5 {1:06:19}
10. dxc6 {0:43:43} 10... exf4 {1:06:43} 11. g5 {0:44:11} 11... Nh5 {1:04:48}
12. cxb7 {0:44:29} 12... Rb8 {1:05:11} 13. Qa6 {0:44:07} 13... O-O {0:58:52}
14. Nd4 {0:34:49} 14... Bxg5 {0:58:41} 15. Nc6 {0:34:39} 15... Qe8 {0:58:29}
16. O-O-O {0:26:33} 16... f3+ {0:51:51} 17. Kb1 {0:26:54} 17... Bh4 {0:49:31}
18. Nxb8 {0:25:17} 18... Qxb8 {0:49:43} 19. Rd2 {0:24:55} 19... Nf6 {0:48:59}
20. Bb5 {0:23:04} 20... Bxe4 {0:43:28} 21. Bc6 {0:23:08} 21... Bf5 {0:43:32}
22. Qa4 {0:19:30} 22... Bg5 {0:40:19} 23. Rd4 {0:19:47} 23... Be6 {0:36:16} 24.
Rg1 {0:18:20} 24... Bh6 {0:36:27} 25. Rh4 {0:18:00} 25... Bd2 {0:36:09} 26. Qd4
{0:18:04} 26... Bxc3 {0:36:07} 27. Qxc3 {0:18:26} 27... Kh8 {0:36:18} 28. Be4 {
0:15:49} 1-0

[Event "GM-Turnier"]
[Site "Berlin"]
[Date "2009.07.11"]
[Round "10.4"]
[White "Maksimenko, Andrej"]
[Black "Figura, Atila Gajo"]
[Result "1-0"]
[WhiteElo "2544"]
[BlackElo "2436"]
[PlyCount "55"]
[EventDate "2009.07.??"]

1. Nf3 {1:30:28} 1... d5 {1:20:24} 2. d4 {1:30:33} 2... Nf6 {1:20:35} 3. c4 {
1:30:57} 3... c6 {1:20:58} 4. cxd5 {1:31:06} 4... cxd5 {1:21:22} 5. Nc3 {
1:31:32} 5... a6 {1:21:20} 6. Bf4 {1:31:51} 6... Nc6 {1:21:43} 7. Rc1 {1:32:04}
7... Bf5 {1:04:18} 8. e3 {1:32:22} 8... Rc8 {0:59:25} 9. Be2 {1:32:40} 9... e6
{0:59:09} 10. O-O {1:32:40} 10... Bd6 {0:51:24} 11. Bxd6 {1:31:40} 11... Qxd6 {
0:51:46} 12. Qb3 {1:31:34} 12... Rc7 {0:39:55} 13. Na4 {1:30:20} 13... Nd7 {
0:40:13} 14. Nc5 {1:26:17} 14... Nxc5 {0:40:30} 15. Rxc5 {1:26:31} 15... Kd7 {
0:35:26} 16. Rfc1 {1:22:32} 16... Rhc8 {0:35:31} 17. Qb6 {1:05:44} 17... f6 {
0:35:17} 18. Bd1 {0:49:36} 18... Bg4 {0:28:00} 19. b4 {0:40:37} 19... Bxf3 {
0:28:05} 20. gxf3 {0:39:39} 20... g5 {0:27:25} 21. Ba4 {0:39:35} 21... f5 {
0:27:27} 22. Bxc6+ {0:27:32} 22... bxc6 {0:26:42} 23. Qxa6 {0:27:58} 23... f4 {
0:26:46} 24. Qd3 {0:20:27} 24... Qe7 {0:25:16} 25. e4 {0:17:42} 25... Qf7 {
0:20:52} 26. b5 {0:14:25} 26... g4 {0:20:15} 27. bxc6+ {0:13:24} 27... Kd8 {
0:20:26} 28. exd5 {0:13:03} 1-0

[Event "GM-Turnier"]
[Site "Berlin"]
[Date "2009.07.11"]
[Round "10.5"]
[White "Stern, Rene"]
[Black "Rabiega, Robert"]
[Result "1/2-1/2"]
[WhiteElo "2498"]
[BlackElo "2551"]
[PlyCount "53"]
[EventDate "2009.07.??"]

1. d4 {1:30:27} 1... d5 {1:30:25} 2. c4 {1:30:53} 2... dxc4 {1:30:52} 3. Nf3 {
1:31:17} 3... Nf6 {1:31:10} 4. e3 {1:31:44} 4... e6 {1:31:29} 5. Bxc4 {1:32:05}
5... c5 {1:31:52} 6. O-O {1:32:27} 6... a6 {1:32:11} 7. dxc5 {1:32:49} 7...
Bxc5 {1:32:31} 8. Qxd8+ {1:33:12} 8... Kxd8 {1:32:55} 9. Ne5 {1:33:38} 9... Ke7
{1:33:16} 10. Be2 {1:34:02} 10... Bd7 {1:33:36} 11. Bf3 {1:34:25} 11... Nc6 {
1:33:55} 12. Nxd7 {1:34:48} 12... Nxd7 {1:34:13} 13. Bxc6 {1:35:11} 13... bxc6
{1:34:38} 14. Bd2 {1:35:28} 14... Rhb8 {1:34:56} 15. Bc3 {1:33:35} 15... g5 {
1:33:42} 16. Rc1 {1:32:25} 16... Bb4 {1:33:46} 17. Bxb4+ {1:25:55} 17... Rxb4 {
1:30:31} 18. b3 {1:26:16} 18... c5 {1:29:10} 19. Nd2 {1:23:39} 19... a5 {
1:19:57} 20. h3 {1:22:42} 20... a4 {1:17:01} 21. Kf1 {1:23:01} 21... Nb6 {
1:00:01} 22. Ke2 {1:18:30} 22... axb3 {0:57:50} 23. axb3 {1:18:55} 23... Rxa1 {
0:58:15} 24. Rxa1 {1:19:22} 24... c4 {0:58:06} 25. Ra7+ {1:19:19} 25... Kf6 {
0:57:49} 26. Nxc4 {1:14:57} 26... Nxc4 {0:57:46} 27. bxc4 {1:15:17} 1/2-1/2

[Event "GM-Turnier"]
[Site "Berlin"]
[Date "2009.07.11"]
[Round "10.6"]
[White "Agopov, Mikael"]
[Black "Lundin, Jan"]
[Result "1-0"]
[WhiteElo "2442"]
[BlackElo "2382"]
[PlyCount "79"]
[EventDate "2009.07.??"]

1. e4 {1:24:24} 1... e5 {1:30:20} 2. Nf3 {1:24:43} 2... Nc6 {1:30:42} 3. Bb5 {
1:25:09} 3... Nf6 {1:31:01} 4. O-O {1:22:11} 4... Nxe4 {1:31:17} 5. d4 {1:22:38
} 5... Nd6 {1:31:31} 6. Bxc6 {1:23:02} 6... dxc6 {1:31:53} 7. dxe5 {1:23:29}
7... Nf5 {1:32:09} 8. Qxd8+ {1:23:55} 8... Kxd8 {1:32:25} 9. Nc3 {1:24:21} 9...
Ne7 {1:31:52} 10. h3 {1:20:10} 10... Ng6 {1:31:28} 11. b3 {1:16:59} 11... h6 {
1:28:25} 12. Bb2 {1:17:09} 12... a5 {1:21:28} 13. Rad1+ {1:16:45} 13... Ke8 {
1:21:20} 14. Nd4 {1:10:22} 14... Bc5 {1:17:36} 15. f4 {1:04:46} 15... Ne7 {
0:38:30} 16. Kh2 {0:44:51} 16... Bxd4 {0:31:57} 17. Rxd4 {0:45:18} 17... h5 {
0:29:16} 18. g3 {0:43:55} 18... Bf5 {0:25:35} 19. Rf2 {0:43:04} 19... Rd8 {
0:24:38} 20. Nd1 {0:42:23} 20... Rxd4 {0:19:35} 21. Bxd4 {0:42:51} 21... Be6 {
0:19:13} 22. c4 {0:40:33} 22... b6 {0:16:41} 23. Rd2 {0:34:17} 23... Nf5 {
0:14:02} 24. Bc3 {0:21:44} 24... c5 {0:09:43} 25. Nf2 {0:17:54} 25... Ke7 {
0:08:20} 26. Kg2 {0:15:01} 26... Bd7 {0:07:13} 27. g4 {0:14:39} 27... Bc6+ {
0:04:30} 28. Kf1 {0:14:36} 28... hxg4 {0:03:36} 29. hxg4 {0:15:03} 29... Ng3+ {
0:03:02} 30. Ke1 {0:13:23} 30... Rh2 {0:02:45} 31. f5 {0:09:28} 31... Rg2 {
0:02:29} 32. f6+ {0:09:17} 32... gxf6 {0:02:31} 33. exf6+ {0:09:43} 33... Ke6 {
0:02:46} 34. Rd3 {0:09:44} 34... Rg1+ {0:02:09} 35. Kd2 {0:10:07} 35... Nf1+ {
0:01:01} 36. Ke2 {0:04:59} 36... Ng3+ {0:01:20} 37. Ke3 {0:05:09} 37... Rg2 {
0:01:33} 38. Nh3 {0:04:52} 38... Re2+ {0:00:02} 39. Kf4 {0:05:16} 39... Re4+ {
0:00:02} 40. Kxg3 {0:05:38} 1-0

[Event "GM-Turnier"]
[Site "Berlin"]
[Date "2009.07.12"]
[Round "11.1"]
[White "Lundin, Jan"]
[Black "Schneider, Ilja"]
[Result "0-1"]
[WhiteElo "2382"]
[BlackElo "2508"]
[PlyCount "56"]
[EventDate "2009.07.??"]

1. d4 {1:30:26} 1... Nf6 {1:29:39} 2. Bg5 {1:30:49} 2... b6 {1:29:01} 3. Bxf6 {
1:30:41} 3... exf6 {1:29:18} 4. Nf3 {1:25:04} 4... Bb7 {1:29:40} 5. Nbd2 {
1:24:51} 5... f5 {1:29:15} 6. g3 {1:23:40} 6... g6 {1:26:28} 7. Bg2 {1:23:07}
7... Bg7 {1:26:36} 8. O-O {1:23:05} 8... O-O {1:26:57} 9. c4 {1:21:42} 9... d5
{1:25:32} 10. Rc1 {1:10:48} 10... dxc4 {1:17:16} 11. Rxc4 {1:03:49} 11... b5 {
1:13:43} 12. Rb4 {0:54:28} 12... a6 {1:12:49} 13. Rb3 {0:50:31} 13... Bd5 {
1:09:19} 14. Rc3 {0:47:46} 14... Nd7 {0:56:04} 15. Nb3 {0:42:45} 15... Ra7 {
0:50:40} 16. Qc1 {0:30:20} 16... a5 {0:41:48} 17. a3 {0:14:53} 17... Re8 {
0:32:12} 18. e3 {0:14:01} 18... b4 {0:32:30} 19. axb4 {0:12:39} 19... axb4 {
0:32:57} 20. Rd3 {0:12:40} 20... Bxf3 {0:33:08} 21. Bxf3 {0:13:01} 21... Ne5 {
0:33:37} 22. Be2 {0:09:20} 22... Nxd3 {0:33:44} 23. Bxd3 {0:09:48} 23... h5 {
0:28:43} 24. h4 {0:09:51} 24... f4 {0:29:03} 25. Qc5 {0:09:38} 25... fxg3 {
0:28:25} 26. fxg3 {0:03:23} 26... Rxe3 {0:27:44} 27. Rxf7 {0:01:42} 27... Rxd3
{0:26:43} 28. Qxa7 {0:01:29} 28... Kxf7 {0:26:48} 0-1